[Event "6502 (2h/40)"]
[Site "Hannover"]
[Date "2009.07.09"]
[Round "8"]
[White "Mephisto Polgar"]
[Black "Mephisto MM II"]
[Result "1/2-1/2"]
[WhiteElo "1970"]
[BlackElo "1773"]
[EventDate "2008.11.03"]

1.c4 e6 2.d4 d5 3.Nc3 Nf6 4.Bg5 Be7 5.e3 O-O 6.Nf3 h6 7.Bh4 Ne4 8.Bxe7 
Qxe7 9.Qb3 Nxc3 10.bxc3 c6 11.Bd3 Nd7 12.O-O e5 13.dxe5 Nxe5 14.Nxe5 Qxe5 
15.cxd5 cxd5 16.Rae1 Qg5 17.f4 Qh5 18.Be2 Qg6 19.Bf3 Be6 20.Qxb7 Qd3 21.
Qb4 Rac8 22.Qd4 Qxc3 23.Qxa7 Ra8 24.Qd4 Qxd4 25.exd4 g6 26.g4 Rxa2 27.f5 
gxf5 28.gxf5 Bd7 29.Bxd5 Rd2 30.Re7 Ba4 31.Rf4 h5 32.Ra7 Bd1 33.f6 Bc2 34.
Rd7 Bg6 35.Rf2 Rd1+ 36.Kg2 Rb8 37.Bf3 Rd3 38.Rd6 Kh7 39.Ra2 Rb4 40.Rda6 
Rbxd4 41.R6a4 Rxa4 42.Rxa4 Kh6 43.h4 Bf5 44.Ra5 Kg6 45.Kf2 Kxf6 46.Bxh5 
Be4 47.Bg4 Kg7 48.Re5 Bh7 49.Bf5 Rd2+ 50.Ke3 Rh2 51.Bxh7 Kxh7 52.h5 Kh6 
53.Rf5 Rxh5 54.Rxf7 1/2-1/2

[Event "6502 (2h/40)"]
[Site "Hannover"]
[Date "2009.08.18"]
[Round "9"]
[White "Mephisto MM II"]
[Black "Fidelity Par Excellence"]
[Result "0-1"]
[WhiteElo "1773"]
[BlackElo "1835"]
[EventDate "2008.11.03"]

1.d4 d5 2.c4 Nc6 3.Nf3 Bg4 4.cxd5 Bxf3 5.gxf3 Qxd5 6.e3 Qa5+ 7.Nc3 e6 8.
Bd2 O-O-O 9.Bc4 Qg5 10.Kf1 Nf6 11.h4 Qf5 12.Bb5 Nb4 13.e4 Qh5 14.e5 a6 15.
exf6 axb5 16.Bg5 g6 17.Ne4 Bd6 18.Ng3 Bxg3 19.fxg3 Nc2 20.Qxc2 Qxf3+ 21.
Kg1 Qxg3+ 22.Qg2 Qd3 23.Qf2 Rxd4 24.Kh2 Rhd8 25.Rac1 Re4 26.Rc2 Qd5 27.Qg3
Rc4 28.Rhc1 Qe4 29.Rxc4 bxc4 30.Qe3 Qg4 31.Rg1 Qf5 32.Qe2 Rd4 33.Qe1 h6 
34.Rf1 Re4 35.Rxf5 Rxe1 36.Rf2 hxg5 37.hxg5 b5 38.Rc2 Re5 39.Rg2 Re3 40.
Rc2 c6 41.Kg1 Rg3+ 42.Rg2 Rxg2+ 43.Kxg2 b4 44.Kf3 e5 45.Ke3 Kc7 46.Ke4 Kd6
47.Ke3 Kd5 48.Kd2 e4 49.Ke1 Kd4 50.Ke2 c3 51.bxc3+ bxc3 52.a4 e3 53.a5 c2 
54.a6 c1=Q 0-1